La Sociedad de la Información : amenazas y oportunidades /

Compilación de ponencias en torno a la sociedad de la información, cuyo eje central es el progreso de la informática y las telecomunicaciones. La asociación de estas dos tecnologías ha generado, en los últimos años, una sinergia poderosa, por lo que los autores ponen su atención en la extensión, pro...

وصف كامل

محفوظ في:
التفاصيل البيبلوغرافية
مؤلف مشترك: Foro Internacional VII Centenario, Universidad Complutense ( Universidad Complutense de Madrid)
التنسيق: وقائع المؤتمر كتاب
اللغة:الإسبانية
منشور في: Madrid, España : Universidad Complutense de Madrid, 1994, c1994
سلاسل:(Club de Debate)
الموضوعات:
الوسوم: إضافة وسم
لا توجد وسوم, كن أول من يضع وسما على هذه التسجيلة!

MARC

LEADER 00000nam^a2200000^a^4500
001 000136358
005 20250521000000.0
009 20260310095315.756
020 |a 84-89365-69-5 
037 |a Acervo ITESO - Biblioteca 
041 |a ESP 
082 |a 302. 23701  |b FOR 1994 
111 |a Foro Internacional VII Centenario, Universidad Complutense (  |n 1o :  |d 1994 :  |c Universidad Complutense de Madrid) 
245 1 3 |a La Sociedad de la Información :  |b amenazas y oportunidades /  |c Foro Internacional VII Centenario Universidad Complutense de Madrid; presen. de José Antonio Verdejo ; introd. de José Alberto Blanco Losada. 
264 4 |a Madrid, España :  |b Universidad Complutense de Madrid,  |c 1994, c1994 
336 |a texto  |b txt  |2 rdacontenido 
337 |a sin mediación  |b n  |2 rdamedio 
338 |a volumen  |b nc  |2 rdasoporte 
440 1 |a (Club de Debate) 
520 |a Compilación de ponencias en torno a la sociedad de la información, cuyo eje central es el progreso de la informática y las telecomunicaciones. La asociación de estas dos tecnologías ha generado, en los últimos años, una sinergia poderosa, por lo que los autores ponen su atención en la extensión, profundidad e imprevisibles consecuencias sociales de este fenómeno para la humanidad. Las ponecias intentan analizar las tendencias actuales y anticipar el futuro, para que de manera esbozada, se puedan perfilar algunas amenazas y oportunidades que las nuevas tecnologías ofrecen al mundo. 
649 |a XX 
650 |a Información -  |x Aspectos Sociales y Culturales 
650 |a Automatización -  |x Aspectos Sociales y Culturales 
650 |a Redes de Computadoras -  |x Aspectos Sociales y Culturales 
650 |a Medios de Comunicación -  |x Aspectos Sociales y Culturales 
650 |a Tecnologías de Comunicación e Información -  |x Aspectos Sociales y Culturales 
650 |a Telecomunicaciones -  |x Aspectos Sociales y Culturales 
650 |a Nuevo Orden Informativo Internacional -  |x Aspectos Sociales y Culturales 
650 |a Tecnología 
650 |a Desarrollo Tecnológico 
650 |a Globalización 
650 |a Sociedad Postindustrial -  |x Condiciones Tecnológicas 
650 |a Sociedad Postindustrial -  |x Condiciones Sociales y Culturales 
650 |a Comunicación Masiva -  |x Aspectos Sociales y Culturales 
650 |a Cambios Sociales y Culturales 
650 |a Comunicación y Política -  |x Aspectos Sociales y Culturales 
650 |a Política de Comunicación -  |x Aspectos Sociales y Culturales 
650 |a Tecnología y Sociedad 
650 |a Sociología de la Comunicación 
650 |a Sociología de la Cultura 
910 |a Fondo General 
920 |a Impresos - Libros 
930 |a Colección General 
905 |a 101 
901 |a 0500065124  |b IT1  |c ACC  |u 20250521 
902 |a https://opac.biblio.iteso.mx/vufind/Record/000136358